| 000 | 00388nam a2200145Ia 4500 | ||
|---|---|---|---|
| 008 | 230917s9999||||xx |||||||||||||| ||und|| | ||
| 040 |
_e44106 _aMAIN |
||
| 041 | _aEnglish | ||
| 082 | _a411 W461C | ||
| 100 | _aWellisen, Hans H | ||
| 245 | 0 | _aConvension of scripts: Its nature, history and utilization | |
| 260 |
_aNew York _bJohn Wiley _c1978 |
||
| 300 | _axviii, 509 p. | ||
| 942 | _cBK | ||
| 999 |
_c192863 _d192863 |
||